LDR 00690naa#a2200193#i#450# 001 EN\\bibl\121465 005 20260515043106.5 011 ## _a1994-4683 100 ## _a20230531b2023####ek#y0engy0150####ca 102 ## _aRU 200 1# _aDISTANCE INFLUENCE LEARNING ON STUDENTS PHYSICAL TRAINING LEVEL OF TRANSBAIKAL STATE UNIVERSITY STUDENTS _eJournal article 210 1# _aMoscow _cNational State University of Physical Education, Sports and Health named after P.F. Lesgaft _d2023 215 ## _a4 с. 608 ## _aJournal article _2local 675 ## _aМетоды обучения. Формы преподавания. 378.147 _z 700 #1 _a _g 700 #1 _a _g 700 #1 _a _g 856 4# _auchzapiski.lesgaft.spb.ru _u